| 000 | 00773nmc a2200301 a 4500 | ||
|---|---|---|---|
| 003 | AR-BaBNM | ||
| 005 | 20251128205947.0 | ||
| 008 | 268119s1992 ||||||||||||||000 | spa|| | ||
| 020 | _a84-7432-135-2 | ||
| 040 | _cAR-BaBNM | ||
| 100 | 1 | _aBobbio, Norberto | |
| 245 | 1 | 0 | _aEl problema de la guerra y las vías de la paz |
| 250 | _a2ª ed. | ||
| 260 |
_aBarcelona _bGedisa _c1992 |
||
| 300 | 0 | _a204 p. | |
| 490 | 0 | _aHombre y sociedad. Cla.De.Ma | |
| 650 | 4 | _aCIENCIAS POLITICAS | |
| 650 | 4 | _aRELACIONES INTERNACIONALES | |
| 650 | 4 | _aCONFLICTO INTERNACIONAL | |
| 650 | 4 | _aPAZ | |
| 650 | 4 | _aPACIFISMO | |
| 650 | 4 | _aTEORIA POLITICA | |
| 650 | 4 | _aNO VIOLENCIA | |
| 650 | 4 | _aGUERRA | |
| 700 | 1 |
_aBinagui, Jorge _etraductor |
|
| 942 | _cBK | ||
| 998 | _cMARTIN | ||
| 999 |
_c13491 _d13491 |
||